000 00955nas a2200313 4500
001 BR2012000090
003 BR-BrBNA
005 20231205115933.0
007 ta
008 230509b bl.|||p| |||| 00| 00por d
040 _aBR-BrBNA
_bpor
_cBiblioteca Nacional de Agricultura
041 _a(Pt)
072 _aL70
100 1 _aBorges, P.A.
100 1 _aNunes, N.
100 1 _aCamacho, A.A.
100 1 _aBatista, P.A.C. dos S.
100 1 _aGava, F.N.
100 1 _aBürger, C.P.
100 1 _aMoro, J.V.
100 1 _aLopes, P.C.F.
245 1 _aDiferentes frações inspiradas de oxigênio em coelhos hipovolêmicos anestesiados com propofol e submetidos à ventilação mecânica
650 _aCOELHO
650 _aVETERINÁRIA
650 _aANESTESIA
773 0 _tCiência Rural (Brazil)
_xISSN 0103-8478
_g(Nov 2011), v. 41(11) p. 1960-1966
_wBR2012000090
909 _a202311
_bLúcia
_c55
_dLúcia Elande
942 _2AGRIS
_n0
_cANA
999 _c216378
_d216378